Programa económico costarricense-1, PEC-1 /

Αποθηκεύτηκε σε:
Λεπτομέρειες βιβλιογραφικής εγγραφής
Συλλογικό Έργο: Consejo Permanente de Trabajadores, Asamblea Nacional de Trabajadores
Μορφή: Άγνωστο
Έκδοση: San José: CPT. ATBP
Θέματα:
Ετικέτες: Προσθήκη ετικέτας
Δεν υπάρχουν, Καταχωρήστε ετικέτα πρώτοι!

MARC

LEADER 00000 a2200000 04500
001 10355
003
008 991231s d
040
090 |a 136002  
110 |a Consejo Permanente de Trabajadores  
245 |a Programa económico costarricense-1, PEC-1 /  |c Consejo Permanente de Trabajadores  
260 |a San José:   |b CPT. ATBP  
300 |a 42 p  
650 |a POLITICA GUBERNAMENTAL  
650 |a ECONOMIA  
650 |a PARTICIPACION SOCIAL  
650 |a AJUSTE ESTRUCTURAL  
710 |a Asamblea Nacional de Trabajadores  
999 |c 2813  |d 2813